The handbook of human resource management education: (Record no. 16827)
[ view plain ]
| 000 -LEADER | |
|---|---|
| fixed length control field | 00632nam a22001817a 4500 |
| 003 - CONTROL NUMBER IDENTIFIER | |
| control field | OSt |
| 005 - DATE AND TIME OF LATEST TRANSACTION | |
| control field | 20180427130000.0 |
| 008 - FIXED-LENGTH DATA ELEMENTS--GENERAL INFORMATION | |
| fixed length control field | 180427b xxu||||| |||| 00| 0 eng d |
| 020 ## - INTERNATIONAL STANDARD BOOK NUMBER | |
| International Standard Book Number | 9781412954907 |
| 040 ## - CATALOGING SOURCE | |
| Transcribing agency | KABU |
| 050 ## - LIBRARY OF CONGRESS CALL NUMBER | |
| Classification number | HF 5549.17 |
| Item number | .H36 2008 C.1 |
| 100 ## - MAIN ENTRY--PERSONAL NAME | |
| Personal name | Scarpello, Vida Gulbinas |
| 245 ## - TITLE STATEMENT | |
| Title | The handbook of human resource management education: |
| Remainder of title | promoting an effective and efficient curriculum/ |
| Statement of responsibility, etc. | Vida Gulbinas Scarpello. |
| 260 ## - PUBLICATION, DISTRIBUTION, ETC. (IMPRINT) | |
| Place of publication, distribution, etc. | Los Angeles: |
| Name of publisher, distributor, etc. | Sage; |
| Date of publication, distribution, etc. | 2008. |
| 650 ## - SUBJECT ADDED ENTRY--TOPICAL TERM | |
| Topical term or geographic name as entry element | Personnel management |
| Form subdivision | Handbooks, manuals , etc |
| 650 ## - SUBJECT ADDED ENTRY--TOPICAL TERM | |
| Topical term or geographic name as entry element | Personnel management |
| Form subdivision | vocational guidance |
| 942 ## - ADDED ENTRY ELEMENTS (KOHA) | |
| Source of classification or shelving scheme | Library of Congress Classification |
| Koha item type | General Collection |
| Withdrawn status | Lost status | Source of classification or shelving scheme | Not for loan | Home library | Current library | Date acquired | Cost, normal purchase price | Inventory number | Total Checkouts | Full call number | Barcode | Date last seen | Date last checked out | Copy number | Cost, replacement price | Price effective from | Koha item type |
|---|---|---|---|---|---|---|---|---|---|---|---|---|---|---|---|---|---|
| Library of Congress Classification | Kabarak, Main Campus | Kabarak, Main Campus | 27/04/2018 | 15650.00 | 2018/0769 | 1 | HF 5549.17 .H36 2008 C.1 | 024601 | 02/08/2024 | 18/06/2019 | C.1 | 2018.00 | 27/04/2018 | General Collection |